Nordic Cities A-Z - Statistics

General Stats
  • This quiz has been taken 39 times
  • The average score is 14 of 22
Answer Stats
Pop. Country City % Correct
O 580,000 Norway Oslo
97%
C 1,153,615 Denmark Copenhagen
94%
H 558,457 Finland Helsinki
94%
M 301,706 Sweden Malmö
94%
S 1,515,017 Sweden Stockholm
94%
G 572,799 Sweden Gothenburg
92%
R 118,918 Iceland Reykjavík
89%
B 213,585 Norway Bergen
86%
A 237,551 Denmark Aarhus
83%
U 149,245 Sweden Uppsala
81%
T 202,687 Finland Tampere
75%
E 256,760 Finland Espoo
69%
J 93,797 Sweden Jönköping
58%
L 106,502 Sweden Linköping
58%
N 93,765 Sweden Norrköping
50%
D 90,722 Norway Drammen
47%
V 190,058 Finland Vantaa
42%
P 76,772 Finland Pori
33%
K 89,104 Finland Kuopio
31%
F 95,029 Denmark Frederiksberg
11%
I 29,615 Finland Imatra
11%
Y 24,044 Norway Ytrebygda
3%
No matching quizzes found
Score Distribution
Percent of People with Each Score
Percentile by Number Answered
Your Score History
You have not taken this quiz